000 00487nam a2200181 i 4500
001 88176
003 ES-MaACL
005 20240505063024.0
007 t|
008 050103s1957 sp ||||1| spa d
100 0 _aLagos, Concha,
_d1907-2007
_969595
245 1 3 _aEl corazón cansado /
_cConcha Lagos.
260 _aMadrid :
_bAgora,
_c[1957] (
_fOrbe)
300 _a64 p. ;
_c21 cm.
852 _aES-MaACL
_j2005-F-6
_bR.49716
942 _2udc
999 _c88176
_d88176